[Event "Titled Tuesday intern op 08th Nov Late"]
[Site "Chess.com INT"]
[Date "2022.11.08"]
[Round "6"]
[White "Suarez Uriel, Adrian"]
[Black "Capp, Stephen P"]
[Result "1-0"]
[WhiteElo "2384"]
[BlackElo "1920"]
[PlyCount "49"]
[EventDate "2022.11.08"]
[EventType "swiss (blitz)"]
[EventRounds "11"]
[EventCountry "USA"]
[SourceTitle "EXT 2024"]
[Source "ChessBase"]
[SourceDate "2023.10.10"]
[SourceVersion "1"]
[SourceVersionDate "2023.10.10"]
[SourceQuality "1"]

1. d4 Nf6 2. c4 e6 3. Nf3 Bb4+ 4. Nbd2 b6 5. a3 Bxd2+ 6. Nxd2 Bb7 7. Qc2 d5 8. b3 0-0 9. Bb2 Nbd7 10. e3 c5 11. Bd3 Rc8 12. 0-0 b5 13. Rac1 bxc4 14. bxc4 cxd4 15. Bxd4 dxc4 16. Nxc4 Nb6 17. Qb2 Nxc4 18. Bxc4 Bxg2 19. Rfd1 Rxc4 20. Rxc4 Bd5 21. Bxf6 gxf6 22. e4 f5 23. exd5 Qg5+ 24. Kh1 Qh5 25. Rg1+ 1-0

[Event "Titled Tuesday intern op 04th Oct Late"]
[Site "Chess.com INT"]
[Date "2022.10.04"]
[Round "8"]
[White "Aliaga Fernandez, Ingrid Yadira"]
[Black "Capp, Stephen P"]
[Result "1-0"]
[WhiteElo "2167"]
[BlackElo "1920"]
[PlyCount "45"]
[EventDate "2022.10.04"]
[EventType "swiss (blitz)"]
[EventRounds "11"]
[EventCountry "USA"]
[SourceTitle "EXT 2023"]
[Source "ChessBase"]
[SourceDate "2022.10.05"]
[SourceVersion "1"]
[SourceVersionDate "2022.10.05"]
[SourceQuality "1"]

1. e4 e5 2. Nf3 d5 3. Nxe5 Bd6 4. d4 dxe4 5. Nc4 Nf6 6. Be2 h6 7. 0-0 Nc6 8. Be3 Bf5 9. Nxd6+ Qxd6 10. c4 0-0-0 11. d5 Ne5 12. h3 h5 13. Nc3 Neg4 14. Bxg4 hxg4 15. Nb5 Qe5 16. Nxa7+ Kb8 17. Qb3 Bd7 18. Nc6+ Bxc6 19. dxc6 b6 20. Bxb6 Kc8 21. Bc5 Rd3 22. Qb7+ Kd8 23. Qb8# 1-0

[Event "Titled Tuesday intern op 04th Oct Late"]
[Site "Chess.com INT"]
[Date "2022.10.04"]
[Round "5"]
[White "Andrews, Todd D"]
[Black "Capp, Stephen P"]
[Result "1-0"]
[WhiteElo "2188"]
[BlackElo "1920"]
[PlyCount "91"]
[EventDate "2022.10.04"]
[EventType "swiss (blitz)"]
[EventRounds "11"]
[EventCountry "USA"]
[SourceTitle "EXT 2023"]
[Source "ChessBase"]
[SourceDate "2022.10.05"]
[SourceVersion "1"]
[SourceVersionDate "2022.10.05"]
[SourceQuality "1"]

1. e4 e5 2. Nf3 d5 3. Nxe5 Bd6 4. d4 dxe4 5. Nc4 Nf6 6. Nc3 Nc6 7. Bg5 Bf5 8. Be2 0-0 9. g4 Bg6 10. h4 h6 11. Be3 Bb4 12. Qd2 Nd5 13. 0-0-0 b5 14. Ne5 Nxe5 15. dxe5 Nxc3 16. bxc3 Ba3+ 17. Kb1 Qe7 18. Qd5 Rfd8 19. Qb3 a5 20. Rxd8+ Rxd8 21. h5 Bh7 22. g5 hxg5 23. Rg1 a4 24. Qxb5 Qf8 25. Ba7 Ra8 26. Qb7 e3 27. fxe3 Be4 28. Qxe4 Rxa7 29. Ka1 Bc5 30. Bd3 f5 31. exf6 Qxf6 32. Qe8+ Bf8 33. Kb2 Rb7+ 34. Kc1 Qxc3 35. Qe6+ Kh8 36. Qe8 Qf6 37. Kd2 a3 38. Rf1 Qxf1 39. Bxf1 Kg8 40. Bd3 Rb2 41. Qe6+ Kh8 42. Qf5 Kg8 43. Bc4+ Kh8 44. Qxf8+ Kh7 45. Bd3+ Kh6 46. Qh8# 1-0

[Event "Titled Tuesday intern op 20th Sep Late"]
[Site "Chess.com INT"]
[Date "2022.09.20"]
[Round "6"]
[White "Adury, Anant"]
[Black "Capp, Stephen P"]
[Result "1-0"]
[WhiteElo "2028"]
[BlackElo "1920"]
[PlyCount "78"]
[EventDate "2022.09.20"]
[EventType "swiss (blitz)"]
[EventRounds "11"]
[EventCountry "USA"]
[SourceTitle "EXT 2023"]
[Source "ChessBase"]
[SourceDate "2022.10.05"]
[SourceVersion "1"]
[SourceVersionDate "2022.10.05"]
[SourceQuality "1"]

1. d4 Nf6 2. c4 e6 3. Nf3 Bb4+ 4. Nbd2 b6 5. a3 Bxd2+ 6. Bxd2 Ne4 7. e3 Bb7 8. Bd3 f5 9. Qc2 d6 10. b4 0-0 11. a4 Nd7 12. a5 Ndf6 13. a6 Bc6 14. b5 Nxd2 15. Qxd2 Be4 16. Qc3 Qe8 17. 0-0 Qh5 18. Nd2 Bxd3 19. Qxd3 Ng4 20. h3 Nh6 21. f3 Nf7 22. e4 Ng5 23. d5 Rf6 24. Rf2 Rg6 25. Kf1 f4 26. dxe6 Nxe6 27. Qd5 Qh4 28. Qxa8+ Nf8 29. Qxa7 h6 30. Qxc7 Ne6 31. Qxd6 Ng5 32. a7 Rxd6 33. a8Q+ Kh7 34. Qf8 Rg6 35. Qf5 Qg3 36. Ra6 Ne6 37. Rxb6 Nd4 38. Qxg6+ Qxg6 39. Rxg6 Kxg6 1-0

[Event "Titled Tuesday intern op 06th Sep Late"]
[Site "Chess.com INT"]
[Date "2022.09.06"]
[Round "8"]
[White "Capp, Stephen P"]
[Black "Poliakova, Varvara"]
[Result "0-1"]
[WhiteElo "1920"]
[BlackElo "1963"]
[PlyCount "74"]
[EventDate "2022.09.06"]
[EventType "swiss (blitz)"]
[EventRounds "11"]
[EventCountry "USA"]
[SourceTitle "EXT 2023"]
[Source "ChessBase"]
[SourceDate "2022.10.05"]
[SourceVersion "1"]
[SourceVersionDate "2022.10.05"]
[SourceQuality "1"]

1. e4 e5 2. Nf3 Nc6 3. d4 exd4 4. Bc4 Nf6 5. 0-0 Nxe4 6. Re1 d5 7. Nc3 dxc4 8. Rxe4+ Be7 9. Nxd4 0-0 10. Nxc6 bxc6 11. Bf4 Be6 12. Qe2 Bf6 13. Rd1 Qc8 14. Be5 Bxe5 15. Rxe5 Qb7 16. b3 cxb3 17. axb3 Rad8 18. Re1 Qb4 19. Ne4 Bd5 20. Ng3 Qf4 21. Rf5 Qh6 22. Re5 Be6 23. Re3 Rd6 24. Ne4 Rd4 25. c3 Rd5 26. Rg3 Kh8 27. c4 Rd7 28. Ng5 Re7 29. Qb2 Rfe8 30. f4 Bf5 31. Rxe7 Rxe7 32. h3 f6 33. Nf3 Qxf4 34. Kh2 h6 35. Qc3 Kh7 36. Qa5 Re2 37. Qxa7 Be4 0-1

[Event "Titled Tuesday intern op 23rd Aug Late"]
[Site "Chess.com INT"]
[Date "2022.08.23"]
[Round "4"]
[White "Capp, Stephen P"]
[Black "Jimenez, Joaquin Rodrigo"]
[Result "1-0"]
[WhiteElo "1920"]
[BlackElo "2222"]
[PlyCount "33"]
[EventDate "2022.08.23"]
[EventType "swiss (blitz)"]
[EventRounds "11"]
[EventCountry "USA"]
[SourceTitle "EXT 2023"]
[Source "ChessBase"]
[SourceDate "2022.10.05"]
[SourceVersion "1"]
[SourceVersionDate "2022.10.05"]
[SourceQuality "1"]

1. e4 e6 2. d4 d5 3. e5 c5 4. c3 Nc6 5. Nf3 Qb6 6. Bd3 Nh6 7. 0-0 cxd4 8. cxd4 Nb4 9. Be2 Be7 10. Nc3 Nf5 11. Be3 Bd7 12. Rb1 0-0 13. a3 Nc6 14. Bd3 Nh4 15. Nxh4 Bxh4 16. Qh5 g6 17. Qxh4 1-0

[Event "Titled Tuesday intern op 23rd Aug Late"]
[Site "Chess.com INT"]
[Date "2022.08.23"]
[Round "10"]
[White "Capp, Stephen P"]
[Black "Prydun, Andriy"]
[Result "0-1"]
[WhiteElo "1920"]
[BlackElo "2129"]
[PlyCount "78"]
[EventDate "2022.08.23"]
[EventType "swiss (blitz)"]
[EventRounds "11"]
[EventCountry "USA"]
[SourceTitle "EXT 2023"]
[Source "ChessBase"]
[SourceDate "2022.10.05"]
[SourceVersion "1"]
[SourceVersionDate "2022.10.05"]
[SourceQuality "1"]

1. e4 d5 2. d4 c6 3. e5 Bf5 4. Bd3 Bxd3 5. Qxd3 e6 6. f4 h5 7. Nf3 Nh6 8. 0-0 Nf5 9. Nc3 a6 10. Ne2 c5 11. c3 Nc6 12. Ng3 g6 13. Nxf5 gxf5 14. Kh1 b5 15. dxc5 Bxc5 16. Be3 Qb6 17. Bxc5 Qxc5 18. a4 Qc4 19. Qe3 bxa4 20. Nd2 Qb5 21. c4 d4 22. Qf3 Qb7 23. Rxa4 Rb8 24. b3 Nb4 25. Qg3 Kd7 26. Qg7 Rbf8 27. Nf3 Rhg8 28. Qf6 d3 29. c5 h4 30. c6+ Nxc6 31. Nd4 h3 32. Rg1 hxg2+ 33. Rxg2 Nxe5 34. Qe7+ Kxe7 35. Nxf5+ Kf6 36. Ng3 Rxg3 37. h3 d2 38. fxe5+ Ke7 39. Re4 Qxe4 0-1

[Event "Titled Tuesday intern op 23rd Aug Late"]
[Site "Chess.com INT"]
[Date "2022.08.23"]
[Round "11"]
[White "Kuchava, Ana"]
[Black "Capp, Stephen P"]
[Result "1-0"]
[WhiteElo "2101"]
[BlackElo "1920"]
[PlyCount "67"]
[EventDate "2022.08.23"]
[EventType "swiss (blitz)"]
[EventRounds "11"]
[EventCountry "USA"]
[SourceTitle "EXT 2023"]
[Source "ChessBase"]
[SourceDate "2022.10.05"]
[SourceVersion "1"]
[SourceVersionDate "2022.10.05"]
[SourceQuality "1"]

1. d4 Nf6 2. Nf3 d5 3. c4 e6 4. Nc3 Be7 5. Bf4 a6 6. e3 dxc4 7. Bxc4 b5 8. Bb3 Bb7 9. 0-0 0-0 10. Qe2 b4 11. Na4 Nbd7 12. Rac1 Rc8 13. Nc5 Nxc5 14. dxc5 Be4 15. Rfd1 Qe8 16. Qxa6 Bxf3 17. gxf3 Nh5 18. Bg3 c6 19. Bd6 Ra8 20. Qb7 Bxd6 21. Rxd6 Rc8 22. Ba4 f5 23. Bxc6 Qg6+ 24. Kh1 Qf6 25. Bd7 Qxb2 26. Bxe6+ Kh8 27. Rf1 Qe2 28. Kg2 Rce8 29. Bf7 Rb8 30. Qe7 b3 31. axb3 Nf6 32. Bc4 Ng4 33. Bxe2 Nxe3+ 34. fxe3 1-0

[Event "Titled Tuesday intern op 23rd Aug Late"]
[Site "Chess.com INT"]
[Date "2022.08.23"]
[Round "3"]
[White "Moskvin, Anatoly"]
[Black "Capp, Stephen P"]
[Result "1-0"]
[WhiteElo "2170"]
[BlackElo "1920"]
[PlyCount "67"]
[EventDate "2022.08.23"]
[EventType "swiss (blitz)"]
[EventRounds "11"]
[EventCountry "USA"]
[SourceTitle "EXT 2023"]
[Source "ChessBase"]
[SourceDate "2022.10.05"]
[SourceVersion "1"]
[SourceVersionDate "2022.10.05"]
[SourceQuality "1"]

1. e4 e5 2. Nf3 d5 3. exd5 Bd6 4. Nc3 Nf6 5. d3 h6 6. Be2 0-0 7. 0-0 Nbd7 8. Ne4 Nxd5 9. d4 N5f6 10. Nxd6 cxd6 11. dxe5 dxe5 12. Bc4 Qc7 13. Qe2 e4 14. Nd4 Ne5 15. Bb3 Bg4 16. Qe3 Rad8 17. c3 Ng6 18. f3 exf3 19. Nxf3 a6 20. Nd4 Rde8 21. Qd3 Kh8 22. Bxh6 gxh6 23. Rxf6 Kg7 24. Raf1 Re7 25. Qd2 Qe5 26. R6f2 Qh5 27. h3 Bd7 28. Nf5+ Kh7 29. Qd4 Re5 30. Qxd7 Nf4 31. Rxf4 Rxf5 32. Rxf5 Qg6 33. Rxf7+ Rxf7 34. Rxf7+ 1-0

[Event "Titled Tuesday intern op 16th Aug Late"]
[Site "Chess.com INT"]
[Date "2022.08.16"]
[Round "2"]
[White "Goncalves, Davi Sulzbacher"]
[Black "Capp, Stephen P"]
[Result "1-0"]
[WhiteElo "2282"]
[BlackElo "1920"]
[PlyCount "51"]
[EventDate "2022.08.16"]
[EventType "swiss (blitz)"]
[EventRounds "11"]
[EventCountry "USA"]
[SourceTitle "EXT 2023"]
[Source "ChessBase"]
[SourceDate "2022.10.05"]
[SourceVersion "1"]
[SourceVersionDate "2022.10.05"]
[SourceQuality "1"]

1. d4 Nf6 2. c4 e6 3. Nc3 Bb4 4. Bg5 c5 5. d5 h6 6. Bh4 d6 7. e3 g5 8. Bg3 Ne4 9. Qc2 f5 10. Bd3 Nxg3 11. hxg3 Qf6 12. dxe6 Bxe6 13. Nge2 Nc6 14. 0-0-0 0-0-0 15. Nd5 Qf7 16. a3 Ba5 17. Nec3 Bxc3 18. Nxc3 Ne5 19. Nd5 Nxd3+ 20. Rxd3 Kb8 21. Qd2 Bd7 22. Nc3 Bc6 23. Rxd6 Rxd6 24. Qxd6+ Ka8 25. Rxh6 Rxh6 26. Qd8# 1-0

[Event "Titled Tuesday intern op 16th Aug Late"]
[Site "Chess.com INT"]
[Date "2022.08.16"]
[Round "6"]
[White "Olenik Campa, Rudi"]
[Black "Capp, Stephen P"]
[Result "1-0"]
[WhiteElo "2135"]
[BlackElo "1920"]
[PlyCount "63"]
[EventDate "2022.08.16"]
[EventType "swiss (blitz)"]
[EventRounds "11"]
[EventCountry "USA"]
[SourceTitle "EXT 2023"]
[Source "ChessBase"]
[SourceDate "2022.10.05"]
[SourceVersion "1"]
[SourceVersionDate "2022.10.05"]
[SourceQuality "1"]

1. e4 e5 2. Nf3 d5 3. Nc3 d4 4. Ne2 Nc6 5. d3 Bg4 6. h3 Bxf3 7. gxf3 Bd6 8. f4 f6 9. f5 Qe7 10. a3 0-0-0 11. b4 Qf7 12. Ng3 g6 13. Bd2 Nge7 14. b5 Nb8 15. a4 gxf5 16. exf5 h5 17. h4 Nd5 18. Be2 Rdg8 19. Bf3 Rxg3 20. fxg3 e4 21. dxe4 Bxg3+ 22. Kf1 Ne3+ 23. Bxe3 dxe3 24. Qd5 Qg7 25. Rg1 Rd8 26. Qe6+ Nd7 27. Rd1 e2+ 28. Kxe2 b6 29. e5 fxe5 30. Qc6 Rg8 31. Qa8+ Nb8 32. Qb7# 1-0